Matlab for engineers explained

সংরক্ষণ করুন:
গ্রন্থ-পঞ্জীর বিবরন
প্রধান লেখক: Fredrik Gustafsson
বিন্যাস: গ্রন্থ
ভাষা:Undetermined
প্রকাশিত: London, Eng. Springer 2003
বিষয়গুলি:
ট্যাগগুলো: ট্যাগ যুক্ত করুন
কোনো ট্যাগ নেই, প্রথমজন হিসাবে ট্যাগ করুন!
Thư viện lưu trữ: Trung tâm Học liệu Trường Đại học Cần Thơ
LEADER 00582nam a2200193Ia 4500
001 CTU_59724
008 210402s9999 xx 000 0 und d
020 |b 40 
082 |a 620.002855369 
082 |b G982 
100 |a Fredrik Gustafsson 
245 0 |a Matlab for engineers explained 
245 0 |c Fredrik Gustafsson and Niclas Bergman 
260 |a London, Eng. 
260 |b Springer 
260 |c 2003 
650 |a numerical analysis,matlab ( computer file ),engineering mathematics 
650 |x data processing 
980 |a Trung tâm Học liệu Trường Đại học Cần Thơ